Desarrollo de una linea de produccion de tabletas de uso farmaceutico / Elizabeth Aguilar Ordoñez (Registro nro. 18203)
[ vista simple ]
| 000 -LÍDER | |
|---|---|
| fixed length control field | 00480nam a2200133 4500 |
| 008 - ELEMENTOS DE LONGITUD FIJA -- INFORMACIÓN GENERAL | |
| fixed length control field | 0 2005 0a 000 0MEX |
| 050 ## - SIGNATURA TOPOGRAFICA DE LA BIBLIOTECA DEL CONGRESO (LC) | |
| Número de Clasificación | TP155 T4 A3 2005 |
| 082 ## - NUMERO DE CLASIFICACION DECIMAL DEWEY | |
| Número de Clasificación | 615.43 A3d |
| 100 ## - ASIENTO PRINCIPAL--NOMBRE PERSONAL | |
| Nombre personal | Aguilar Ordoñez, Elizabeth |
| 245 ## - TÍTULO | |
| Título | Desarrollo de una linea de produccion de tabletas de uso farmaceutico / Elizabeth Aguilar Ordoñez |
| 300 ## - DESCRIPCIÓN FÍSICA | |
| Extensión | 116 p. |
| 502 ## - NOTA DE TESIS | |
| Nota de tesis | Tesis. Opción I. I.T. Z. (Química) |
| 650 ## - ASIENTO SECUNDARIO DE MATERIA - TERMINO TEMÁTICO | |
| Término temático o nombre geográfico como elemento de entrada | 1.PRODUCCION DE TABLETAS \ 2.PRODUCCION DE MEDICAMENTO |
| No. biblioteca | No. biblioteca | Número de clasificación | Código de barras/Número de adquisición | Número de copia | Tipo de material |
|---|---|---|---|---|---|
| TESIS QUÍMICA | TESIS QUÍMICA | 615.43 A3d | Q11-2005 | 1 | Tesis |
